000
00294nam a2200121Ia 4500
008
190216s9999||||xx |||||||||||||| ||und||
100
_a
"Iqbal S A ,mido Y"
245
0
_a
Physical Chemistry
260
_b
"Discovery Publishing House, Delhi"
300
_a
358
650
_a
Chemistry
942
_c
BK
999
_c
3266
_d
3266